000 00406nam a2200181Ia 4500
001 11634
005 20260306162842.0
008 260306t1988||||xx |||||||||||||| ||spa||
041 _aESP
082 _a985.6
_bV915
100 _aValcarcel, Luis
_eAUT
245 0 _aMachu Picchu
260 _c1988
300 _a102 páginas :
_c21 cm.
650 _aGEN
654 _aCHU
942 _cLIB
_dJUS
_fJUS
_2ddc
_n
999 _c11634
_d11634